College Quizbowl Stats
College Quizbowl Stats
Circuits
Seasons
Sets
Records
Detailed Stats
About
Loading...
2023 BHSU @ Northwestern
Tossups
Bonuses
Players
Teams
Categories (Tossup)
Categories (Bonus)
Taylor
Mojo 少女
Categories
Category
Powers
Gets
Negs
BBs
Points
Earliest Buzz
Avg. Buzz
First Buzzes
Top 3 Buzzes
Arts - Other Arts
1
0
0
0
15
70
70.00
1
1
Literature - World Lit
1
0
0
0
15
64
64.00
1
1
Science - Physics
0
1
0
0
10
78
78.00
0
1
Science - Other Science
0
0
1
0
-5
0.00
0
0
Buzzes
Category
Answer
Value
Buzz Position
Science - Other Science
sunspots
-5
28
Literature - World Lit
Junichiro Tanizaki
15
64
Arts - Other Arts
Rock Hudson
15
70
Science - Physics
atomic nuclei
10
78
Previous
1
Next